| 000 | 00684nam a2200229Ia 4500 | ||
|---|---|---|---|
| 003 | GCL | ||
| 008 | 140319s9999 xx 000 0 ara d | ||
| 040 |
_aGCL / _cGCL |
||
| 082 | 0 | 4 |
_aق _b923.2 _bع س |
| 100 | 1 | _aعلى فهمى كامل | |
| 245 | 1 | 0 |
_aسيرة مصطفى كامل فى اربعة وثلاثين ربيعا / _cعلى فهمى كامل |
| 300 | _a463 | ||
| 490 |
_aكتاب _v0 |
||
| 650 | 0 | 4 | _aالعصر الحديث |
| 650 | 0 | 4 | _aمصر |
| 650 | 0 | 4 | _aالسياسة |
| 650 | 0 | 4 | _aالتراجم |
| 650 | 0 | 4 | _aالتاريخ |
| 650 | 0 | 4 | _aمصطفى كامل |
| 650 | 0 | 4 | _aمصر - تاريخ - العصر الحديث - ثورة 1919 |
| 942 |
_2ddc _cBK |
||
| 999 |
_c42223 _d42223 |
||